书目信息 |
| 题名: |
蒋光慈文集
|
|
| 作者: | 蒋光慈 著 | |
| 分册: | 第二册 | |
| 出版信息: | 上海 上海文艺出版社 1982 |
|
| 页数: | 494页 | |
| 开本: | 21cm | |
| 丛书名: | ||
| 单 册: | ||
| 中图分类: | I217.2 , I211 | |
| 科图分类: | ||
| 主题词: | 文学--作品--中国--现代--选集 , 文学--作品集--中国 | |
| 电子资源: | ||
| ISBN: | ||
| 000 | 00703nam0 2200265 45 | |
| 001 | 0182004560 | |
| 005 | 20040416090455.9 | |
| 010 | @dCNY2.10 | |
| 091 | @a10078.3355 | |
| 100 | @a19950603d1982 em y0chiy0121 ea | |
| 101 | 0 | @achi |
| 102 | @aCN@b310000 | |
| 105 | @ay z 000zy | |
| 106 | @ar | |
| 200 | 10 | @a蒋光慈文集@Ajiang guang ci wen ji@h第二册@f蒋光慈著 |
| 210 | @a上海@c上海文艺出版社@d1982 | |
| 215 | @a494页@d21cm | |
| 606 | @a文学@x作品@y中国@z现代@x选集 | |
| 606 | 0 | @a文学@x作品集@x中国 |
| 690 | @aI217.2@v3 | |
| 690 | @aI211 | |
| 701 | 0 | @a蒋光慈@Ajiang guang ci@4著 |
| 801 | 0 | @aCN@b上海图书馆@c20040416 |
| 801 | 2 | @aCN@bNLC@c20040416 |
| 905 | @f2@b145694-695@dI211@e67:2 | |
| 蒋光慈文集.第二册/蒋光慈著.-上海:上海文艺出版社,1982 |
| 494页;21cm |
| ISBN :CNY2.10 |
| ● |
| 相关链接 |
|
|
|
|
正题名:蒋光慈文集
索取号:I211/67:2
 
预约/预借
| 序号 | 登录号 | 条形码 | 馆藏地/架位号 | 状态 | 备注 |
| 1 | 0145693 | 000221502 | 密集书库/ [索取号:I211/67:2] | 在馆 | |
| 2 | 0145694 | 000221511 | 第二借阅区/ [索取号:I211/67:2] | 在馆 | |
| 3 | 0145695 | 202076270 | 第一样本阅览室/ [索取号:I211/67:2] | 在馆 |